|
|
|
|
| LEADER |
00000nam a22000007a 4500 |
| 005 |
20210905160943.0 |
| 007 |
cr|||| |||| |
| 008 |
210905s2020 eu |||||s|||| 00||0 eng d |
| 020 |
|
|
|a 978-92-846-4819-1
|
| 035 |
|
|
|a 34692
|
| 040 |
|
|
|a vLex
|
| 090 |
|
|
|c 12259
|d 12259
|
| 100 |
1 |
|
|a Hocepied, Christian
|
| 245 |
1 |
0 |
|a Contribution to growth
|h [Recurso electrn̤ico] :
|b European digital single market: delivering improved rights to European citizens and businesses /
|c Christian Hocepied, Alexandre de Streel
|
| 256 |
|
|
|a Servicio en ln̕ea
|
| 260 |
|
|
|a Bruselas:
|b European Union Publications Office,
|c 2020
|
| 300 |
|
|
|a 1 recurso electrn̤ico
|
| 500 |
|
|
|a This study reviews all the rules adopted during the 8th Parliamentary legislature (2014-2019) to strengthen the Digital Single Market. On that basis, the report analyses the rights and obligations as well as the institutions and procedures created or improved in the main policy fields of the Digital Single Market (e-commerce and online platforms, e-government, data and AI, cybersecurity, consumer protection and electronic communications networks and services). Finally, the report identifies remaining gaps and possible actions for the forthcoming Parliament’s legislature. This document has been prepared for the IMCO Committee at the request of the Policy Department A of the European Parliament.
|
| 506 |
1 |
|
|a Disponible solo en los productos indicados
|d vLex Global
|d vLex Global (Academic Edition, excluding Law Schools)
|d vLex Global (U.S. Academic Edition, Law Schools)
|d vLex Global (U.S. Academic Edition, excluding Law Schools)
|d vLex Global (Academic Edition, Law Schools)
|
| 650 |
0 |
4 |
|a Telecomunicaciones
|z Unin̤ Europea
|
| 650 |
0 |
4 |
|a Derecho Mercantil y de la Empresa
|z Unin̤ Europea
|
| 650 |
0 |
4 |
|a Derecho Civil
|z Unin̤ Europea
|
| 700 |
1 |
|
|a Streel, Alexandre de
|
| 740 |
0 |
|
|a vLex Libros (Servicio en ln̕ea)
|
| 856 |
4 |
0 |
|u https://app.vlex.com/#/sources/34692
|z Acceso restringido
|
| 942 |
|
|
|c BOOK
|
| 999 |
0 |
|
|a Telecommunications
|
| 999 |
0 |
|
|a Commercial and Company Law
|
| 999 |
0 |
|
|a Civil Law
|